[Event "Sankt_Peterburg 71/(613)"]
[Site "?"]
[Date "1997.??.??"]
[Round "?"]
[White "Komarov, Dimitri"]
[Black "Svidler, Peter"]
[Result "1/2-1/2"]
[WhiteElo "2615"]
[BlackElo "2640"]
[PlyCount "51"]
[EventDate "1997.??.??"]
[Source "ChessBase"]
[SourceDate "1997.10.01"]

1. Nf3 Nf6 2. c4 g6 3. Nc3 Bg7 4. e4 O-O 5. d4 c6 6. Bd3 d6 7. O-O Nbd7 8. Re1 e5 9. Bf1 a5 10. dxe5 dxe5 11. Na4 Qe7 12. Qc2 b6 13. Be3 Rb8 14. Rad1 Ba6 15. c5 Bxf1 16. Kxf1 b5 17. Nb6 Nxb6 18. cxb6 Rfc8 19. Bc5 Qe8 20. Qd2 Rb7 21. Qxa5 Nd7 22. Qc3 Nxb6 23. b3 Nd7 24. Re2 Nxc5 25. Qxc5 f6 26. Rc2 1/2-1/2

[Event "TCh-CZE Extraliga 2003-4"]
[Site "Czech Rep"]
[Date "2004.02.08"]
[Round "7"]
[White "Babula, Vlastimil"]
[Black "Mista, Aleksander"]
[Result "1-0"]
[WhiteElo "2594"]
[BlackElo "2521"]
[PlyCount "79"]
[EventDate "2004.01.08"]
[Source "Roberto Alvarez"]
[SourceDate "2004.04.05"]

1. d4 d6 2. Nf3 g6 3. c4 Bg7 4. e4 Nf6 5. Nc3 O-O 6. Be2 Nbd7 7. O-O e5 8. Re1 c6 9. Bf1 a5 10. dxe5 dxe5 11. Na4 Qe7 12. Qc2 b6 13. c5 b5 14. Nb6 Nxb6 15. cxb6 Ba6 16. a4 Rfc8 17. Be3 Bb7 18. Nd2 Bf8 19. f3 Nd7 20. Nb3 b4 21. Rac1 c5 22. Bb5 Nxb6 23. Nxc5 Bc6 24. Qe2 Qe8 25. Na6 Bxb5 26. axb5 Qd8 27. Nc7 Rab8 28. Red1 Qh4 29. Rc6 Na8 30. b6 a4 31. Rd7 a3 32. bxa3 bxa3 33. Bf2 Qh6 34. Qc4 Kh8 35. g3 Qh3 36. Rxf7 Nxc7 37. Rcxc7 Ra8 38. b7 Rd8 39. Rxf8+ Rxf8 40. bxa8=Q 1-0

[Event "Vinkovci"]
[Site "Vinkovci CRO"]
[Date "1976.??.??"]
[Round "?"]
[White "Polugaevsky, Lev A"]
[Black "Nemet, Ivan"]
[Result "1-0"]
[WhiteElo "2635"]
[BlackElo "2455"]
[PlyCount "85"]
[EventDate "1976.??.??"]
[Source "www.chesslib.no"]
[SourceDate "2004.05.04"]

1. c4 e5 2. Nc3 d6 3. Nf3 g6 4. d4 Nd7 5. e4 Bg7 6. Be2 Ngf6 7. O-O O-O 8. Re1 c6 9. Bf1 a5 10. Rb1 exd4 11. Nxd4 Re8 12. f3 d5 13. cxd5 Nxd5 14. Nce2 Nc7 15. Be3 Ne5 16. Qc2 c5 17. Nb3 b6 18. Rbd1 Qe7 19. Nc3 a4 20. Nd2 Nc6 21. Nc4 Nd4 22. Qc1 b5 23. Nb6 Rb8 24. Nbd5 Nxd5 25. Nxd5 Qd6 26. Bf4 Be5 27. Bxe5 Rxe5 28. Nc3 Rh5 29. e5 Rxe5 30. Rxe5 Qxe5 31. Re1 Qf5 32. Re8+ Kg7 33. Ne4 Rb6 34. Ng3 Qd7 35. Qxc5 Ne6 36. Qxc8 Qd4+ 37. Kh1 Qxb2 38. Rg8+ Kh6 39. Qd7 b4 40. Qe7 Qd4 41. Ne4 Rb5 42. Nd6 Qf2 43. Nxf7+ 1-0

[Event "EU-chT (Men)"]
[Site "Bath"]
[Date "1973.??.??"]
[Round "5"]
[White "Schmid, Lothar"]
[Black "Ivkov, Borislav"]
[Result "1/2-1/2"]
[WhiteElo "2550"]
[BlackElo "2520"]
[PlyCount "52"]
[EventDate "1973.??.??"]
[Source "ChessBase"]

1. c4 g6 2. e4 Bg7 3. d4 d6 4. Nc3 Nf6 5. Nf3 O-O 6. Be2 e5 7. O-O c6 8. Re1 Nbd7 9. Bf1 a5 10. b3 exd4 11. Nxd4 Ng4 12. Qxg4 Bxd4 13. Qg3 Qf6 14. Bd2 Ne5 15. Rac1 h5 16. h3 Bxh3 17. Ne2 Bc5 18. Qxh3 Qxf2+ 19. Kh1 Ng4 20. Bg5 Rfe8 21. Bh4 Rxe4 22. Bxf2 Nxf2+ 23. Kh2 Nxh3 24. gxh3 Rae8 25. Rc2 f6 26. Rd1 Kg7 1/2-1/2

[Event "YUG-chT playoff"]
[Site "?"]
[Date "1998.??.??"]
[Round "3"]
[White "Nikcevic Nebojsa"]
[Black "Strikovic Aleksa"]
[Result "1/2-1/2"]
[WhiteElo "2505"]
[BlackElo "2565"]
[PlyCount "80"]
[EventDate "1998.??.??"]
[Source "www.chesslib.no"]
[SourceDate "2004.05.04"]

1. d4 d6 2. Nf3 Nf6 3. c4 Nbd7 4. Nc3 e5 5. e4 g6 6. Be2 Bg7 7. O-O O-O 8. Re1 c6 9. Bf1 a5 10. dxe5 dxe5 11. Na4 Qe7 12. Qc2 b6 13. Be3 Rb8 14. h3 Ba6 15. a3 b5 16. c5 Bb7 17. Nb6 a4 18. Nxd7 Nxd7 19. Rad1 Rfd8 20. Rd6 Nf8 21. Red1 Ne6 22. h4 Rxd6 23. cxd6 Qd7 24. Qc3 f6 25. b4 axb3 26. Qxb3 Ra8 27. Bd3 Kh8 28. h5 Bf8 29. hxg6 hxg6 30. Nh4 Kg7 31. Bb1 c5 32. Bc1 Nd4 33. Rxd4 cxd4 34. Qg3 Qf7 35. Ba2 Qxa2 36. Qxg6+ Kh8 37. Qh5+ Kg8 38. Qg6+ Kh8 39. Qh5+ Kg8 40. Qg6+ Kh8 1/2-1/2

[Event "Moscow-4teams"]
[Site "Moscow"]
[Date "1981.??.??"]
[Round "?"]
[White "Taimanov, Mark E"]
[Black "Vaganian, Rafael A"]
[Result "1/2-1/2"]
[WhiteElo "2500"]
[BlackElo "2565"]
[PlyCount "36"]
[EventDate "1981.06.??"]
[Source "ChessBase"]

1. d4 Nf6 2. c4 d6 3. Nc3 Nbd7 4. e4 e5 5. Nf3 g6 6. Be2 Bg7 7. O-O O-O 8. Re1 Re8 9. Bf1 c6 10. Rb1 a5 11. d5 Nc5 12. Nd2 Nh5 13. Nb3 Nxb3 14. axb3 c5 15. g3 Bf6 16. Be2 Ng7 17. Bg4 Be7 18. Bxc8 Qxc8 1/2-1/2

[Event "Nova Gorica op 5th"]
[Site "Nova Gorica"]
[Date "2000.02.05"]
[Round "5"]
[White "Beliavsky, Alexander G"]
[Black "Sale, Srdjan"]
[Result "1/2-1/2"]
[WhiteElo "2640"]
[BlackElo "2425"]
[PlyCount "80"]
[EventDate "2000.02.01"]
[Source "www.chesslib.no"]
[SourceDate "2004.05.04"]

1. d4 Nf6 2. c4 g6 3. Nc3 Bg7 4. e4 d6 5. Nf3 O-O 6. Be2 e5 7. O-O Nbd7 8. Re1 c6 9. Bf1 a5 10. Rb1 Re8 11. b3 exd4 12. Nxd4 Nc5 13. f3 Nfd7 14. Be3 Ne5 15. Qd2 a4 16. Red1 axb3 17. axb3 Qe7 18. Kh1 f5 19. Bg5 Qf8 20. exf5 Bxf5 21. Nxf5 Qxf5 22. b4 Ne6 23. Be3 Ra3 24. Ne4 Nxf3 25. gxf3 Qxf3+ 26. Bg2 Qxe3 27. Qxe3 Rxe3 28. Nxd6 Re7 29. b5 Nd4 30. bxc6 bxc6 31. Rb8+ Bf8 32. Rf1 Nf5 33. Nxf5 gxf5 34. Bxc6 Re1 35. Rxe1 Rxe1+ 36. Kg2 Kg7 37. Bd7 Re5 38. Kf3 Bc5 39. Rc8 Bg1 40. h4 Rc5 1/2-1/2

[Event "Moscow Ch"]
[Site "Moscow RUS"]
[Date "1978.??.??"]
[Round "?"]
[White "Grigoryan, Karen A"]
[Black "Vasiukov, Evgeni A"]
[Result "0-1"]
[WhiteElo "2500"]
[BlackElo "2555"]
[PlyCount "80"]
[EventDate "1978.??.??"]
[Source "www.chesslib.no"]
[SourceDate "2004.05.04"]

1. d4 Nf6 2. Nf3 g6 3. c4 Bg7 4. Nc3 O-O 5. e4 d6 6. Be2 e5 7. O-O Nbd7 8. Re1 c6 9. Bf1 a5 10. Rb1 Re8 11. d5 Nc5 12. h3 Bd7 13. Nd2 Qb6 14. b3 Rec8 15. a3 Qa7 16. Qf3 Qb8 17. g3 Rc7 18. b4 axb4 19. axb4 Na4 20. Nxa4 Rxa4 21. Qb3 b5 22. c5 Rca7 23. Bb2 R7a6 24. Nf3 dxc5 25. Bxe5 Qe8 26. Bxf6 Bxf6 27. e5 c4 28. Qd1 Be7 29. e6 fxe6 30. dxe6 Bc8 31. Ne5 Bxe6 32. Bg2 Rxb4 33. Rxb4 Bxb4 34. Ng4 Qe7 35. Re3 Bc5 36. Re2 Bxg4 37. hxg4 Ra1 38. Qxa1 Qxe2 39. Bxc6 Qxf2+ 40. Kh1 Bd4 0-1

[Event "ROM-chT"]
[Site "Timisu de Sus"]
[Date "1998.??.??"]
[Round "3"]
[White "Ionescu, Constantin"]
[Black "Badea, Bela"]
[Result "1/2-1/2"]
[WhiteElo "2515"]
[BlackElo "2530"]
[PlyCount "24"]
[EventDate "1998.11.??"]
[Source "www.chesslib.no"]
[SourceDate "2004.05.04"]

1. d4 g6 2. e4 Bg7 3. Nf3 d6 4. Be2 Nd7 5. c4 e5 6. Nc3 Ngf6 7. O-O O-O 8. Re1 c6 9. Bf1 a5 10. b3 Re8 11. d5 Nc5 12. Ba3 Qc7 1/2-1/2

[Event "Voronezh RUS"]
[Site "?"]
[Date "2006.06.13"]
[Round "2"]
[White "Yakovich Yuri"]
[Black "Lutsko Igor"]
[Result "0-1"]
[WhiteElo "2570"]
[BlackElo "2471"]
[PlyCount "72"]
[EventDate "2006.??.??"]
[Source "www.chesslib.no"]
[SourceDate "2004.05.04"]

1. d4 Nf6 2. c4 g6 3. Nc3 Bg7 4. e4 d6 5. Be2 O-O 6. Nf3 Nbd7 7. O-O e5 8. Re1 c6 9. Bf1 Qe7 10. Rb1 a5 11. b3 h6 12. d5 Nc5 13. a3 Bg4 14. b4 axb4 15. axb4 Na6 16. dxc6 bxc6 17. b5 cxb5 18. cxb5 Nc5 19. Bc4 Be6 20. Nd5 Nxd5 21. Bxd5 Bxd5 22. Qxd5 Qe6 23. Be3 Qxd5 24. exd5 Nd3 25. Re2 Rfb8 26. b6 e4 27. b7 Rxb7 28. Rxb7 Ra1+ 29. Ne1 Nxe1 30. g4 Nf3+ 31. Kg2 h5 32. g5 Rg1+ 33. Kh3 Rg4 34. Rb1 Rh4+ 35. Kg2 Rxh2+ 36. Kf1 Rh1+ 0-1

[Event "Wch sf corr"]
[Site "Wch sf corr"]
[Date "1987.??.??"]
[Round "?"]
[White "Radulov, Ljubin"]
[Black "Djurhuus, Rune"]
[Result "0-1"]
[WhiteElo "2500"]
[BlackElo "2540"]
[PlyCount "80"]
[EventDate "1987.??.??"]
[Source "www.chesslib.no"]
[SourceDate "2004.05.04"]

1. d4 Nf6 2. c4 g6 3. Nc3 Bg7 4. e4 d6 5. Nf3 O-O 6. Be2 Nbd7 7. O-O e5 8. Re1 c6 9. Bf1 a5 10. Rb1 Re8 11. d5 Qc7 12. a3 a4 13. Nxa4 Nxe4 14. Rxe4 Rxa4 15. Qxa4 Nc5 16. Rxe5 dxe5 17. Qb4 Na6 18. Qc3 Bf5 19. Ra1 cxd5 20. cxd5 Qxc3 21. bxc3 Rd8 22. Bc4 Rc8 23. Ba2 e4 24. Nd4 Rxc3 25. Nxf5 Rd3 26. Nh6+ Kf8 27. Bb2 Bxb2 28. Rb1 Bg7 29. Ng4 Rxa3 30. Bc4 f5 31. Ne3 Ra1 32. Rxa1 Bxa1 33. Kf1 Ke7 34. Nc2 Bb2 35. Ke2 Kd6 36. f3 Nc7 37. fxe4 fxe4 38. Ne3 Bd4 39. Bb3 b5 40. h3 Bxe3 0-1

[Event "TCh-GRE"]
[Site "Aghia Pelagia"]
[Date "2004.07.08"]
[Round "6"]
[White "Banikas, Hristos"]
[Black "Grivas, Efstratios"]
[Result "1/2-1/2"]
[WhiteElo "2519"]
[BlackElo "2520"]
[PlyCount "32"]
[EventDate "2004.07.04"]
[Source "Roberto Alvarez"]
[SourceDate "2004.07.12"]

1. d4 Nf6 2. c4 g6 3. Nc3 Bg7 4. e4 d6 5. Nf3 O-O 6. Be2 e5 7. O-O Nbd7 8. Re1 c6 9. Bf1 a5 10. dxe5 dxe5 11. Na4 Qe7 12. Qc2 Nc5 13. Nxc5 Qxc5 14. Be3 Qe7 15. c5 a4 16. Bc4 Nh5 1/2-1/2

[Event "DSV-Turnier"]
[Site "Leipzig GER"]
[Date "1977.??.??"]
[Round "12"]
[White "Malich, Burkhard"]
[Black "Knaak, Rainer F A"]
[Result "1/2-1/2"]
[WhiteElo "2535"]
[BlackElo "2500"]
[PlyCount "32"]
[EventDate "1977.12.01"]
[Source "www.chesslib.no"]
[SourceDate "2004.05.04"]

1. Nf3 g6 2. c4 Bg7 3. d4 d6 4. Nc3 Nd7 5. e4 e5 6. Be2 Ngf6 7. O-O O-O 8. Re1 c6 9. Bf1 a5 10. Rb1 exd4 11. Nxd4 Re8 12. f3 d5 13. cxd5 cxd5 14. exd5 Rxe1 15. Qxe1 Nb6 16. Be3 Nfxd5 1/2-1/2

[Event "Ferrol op 18th"]
[Site "Ferrol"]
[Date "2002.07.22"]
[Round "6"]
[White "Korneev, Oleg"]
[Black "Strikovic, Aleksa"]
[Result "0-1"]
[WhiteElo "2583"]
[BlackElo "2448"]
[PlyCount "152"]
[EventDate "2002.07.17"]
[Source "ChessBase"]
[SourceDate "2002.09.11"]

1. e4 c6 2. c4 e5 3. Nf3 d6 4. d4 Nd7 5. Nc3 Ngf6 6. Be2 g6 7. O-O Bg7 8. Re1 O-O 9. Bf1 a5 10. d5 Nc5 11. b3 Qc7 12. Rb1 Bd7 13. Bd2 cxd5 14. cxd5 b5 15. Nxb5 Bxb5 16. Bxb5 Nfxe4 17. Bc6 Rab8 18. a3 Nxd2 19. Nxd2 f5 20. b4 axb4 21. axb4 Nd3 22. Re3 Nxb4 23. Reb3 Na6 24. Rb7 Rxb7 25. Rxb7 Qc8 26. Nb3 Rf7 27. Rb6 Nb8 28. Na5 Nd7 29. Bxd7 Rxd7 30. Nc6 Rb7 31. f3 Qc7 32. Rxb7 Qxb7 33. Qa4 Qb6+ 34. Kf1 Bf6 35. Qa8+ Kf7 36. Qa7+ Qxa7 37. Nxa7 Bd8 38. Ke2 Bb6 39. Nb5 Bc5 40. Kd3 h5 41. Nc7 Bg1 42. h3 Bb6 43. Ne6 Kf6 44. Ke2 e4 45. f4 h4 46. Kd2 Ke7 47. Ke2 Ke8 48. Kf1 Bd8 49. Ke2 Be7 50. Ke3 Kf7 51. Ng5+ Kg7 52. Ne6+ Kh6 53. Nd4 Kh7 54. Ke2 Kg8 55. Ke3 Kf7 56. Ne6 Ke8 57. Ke2 Kd7 58. Kf2 Kc8 59. g3 Kd7 60. g4 fxg4 61. hxg4 Bf6 62. g5 Bc3 63. Nf8+ Ke8 64. Nxg6 h3 65. Kg1 e3 66. Nh4 e2 67. Nf3 e1=Q+ 68. Nxe1 Bxe1 69. Kh2 Bd2 70. Kxh3 Bxf4 71. Kg4 Be5 72. Kh5 Kf7 73. Kh6 Bf4 74. Kh5 Kg7 75. Kg4 Be5 76. Kf5 Kh7 0-1

[Event "Moscow Aeroflot op"]
[Site "Moscow"]
[Date "2002.02.06"]
[Round "3"]
[White "Lerner, Konstantin Z"]
[Black "Kovalevskaya, Ekaterina"]
[Result "0-1"]
[WhiteElo "2569"]
[BlackElo "2462"]
[PlyCount "108"]
[EventDate "2002.02.04"]
[Source "ChessBase"]
[SourceDate "2002.03.21"]

1. d4 Nf6 2. c4 d6 3. Nc3 e5 4. Nf3 Nbd7 5. e4 g6 6. Be2 Bg7 7. O-O O-O 8. Re1 c6 9. Rb1 a5 10. Bf1 Re8 11. d5 Nc5 12. b3 Bd7 13. Nd2 Bh6 14. a3 cxd5 15. cxd5 b5 16. b4 axb4 17. Rxb4 Ra5 18. Qc2 Qc8 19. Nxb5 Na6 20. Rc4 Qb8 21. Nc7 Nxc7 22. Rxc7 Ra8 23. Rc3 Rc8 24. Nc4 Bxc1 25. Rxc1 Rc5 26. Nd2 Rxc3 27. Qxc3 Qa7 28. h3 Rc8 29. Qb2 Rb8 30. Qc3 Kg7 31. Qe3 Qa4 32. f3 Ne8 33. Nc4 Rb3 34. Qd2 Bb5 35. Qa5 Rxa3 36. Qxa4 Rxa4 37. Nb6 Rb4 38. Bxb5 Rxb5 39. Rc6 f5 40. Nc4 fxe4 41. fxe4 Rb4 42. g4 Nf6 43. Nxd6 Nxe4 44. Rc7+ Kf6 45. Nc4 Rb1+ 46. Kg2 Rc1 47. Rc6+ Kg5 48. Kf3 Rxc4 49. Re6 Nc5 50. Rxe5+ Kf6 51. Re8 Rd4 52. Rh8 Rd3+ 53. Kg2 Rxd5 54. Rxh7 Kg5 0-1

[Event "Hastings 8283"]
[Site "Hastings"]
[Date "1982.??.??"]
[Round "?"]
[White "Farago, Ivan"]
[Black "Mestel, A Jonathan"]
[Result "0-1"]
[WhiteElo "2490"]
[BlackElo "2540"]
[PlyCount "80"]
[EventDate "1982.12.??"]
[Source "ChessBase"]

1. d4 g6 2. c4 Bg7 3. Nc3 d6 4. e4 Nf6 5. Be2 O-O 6. Nf3 Nbd7 7. O-O e5 8. Re1 c6 9. Bf1 Qe7 10. Rb1 a5 11. d5 Ne8 12. dxc6 bxc6 13. a3 Nc7 14. b4 axb4 15. axb4 Ne6 16. Nd2 f5 17. Nb3 Nf6 18. exf5 gxf5 19. b5 Bb7 20. h3 Kh8 21. bxc6 Bxc6 22. Nb5 Ne4 23. f3 Bxb5 24. fxe4 Ba4 25. Be3 f4 26. Bf2 f3 27. gxf3 Rab8 28. Qd3 Nf4 29. Qc3 Qg5+ 30. Kh2 h5 31. Nd4 exd4 32. Bxd4 Be5 33. c5 Ne6+ 34. Bxe5+ Qxe5+ 35. Qxe5+ dxe5 36. Rxb8 Rxb8 37. Bc4 Nxc5 38. Rg1 Bb3 39. Bxb3 Rxb3 40. Rg5 Nd3 0-1

[Event "Belgrade IKO"]
[Site "Belgrade"]
[Date "1992.??.??"]
[Round "9"]
[White "Tosic, Miroslav"]
[Black "Damljanovic, Branko"]
[Result "0-1"]
[WhiteElo "2435"]
[BlackElo "2595"]
[PlyCount "104"]
[EventDate "1992.07.??"]
[Source "ChessBase"]

1. d4 Nf6 2. c4 g6 3. Nc3 Bg7 4. e4 d6 5. Nf3 O-O 6. Be2 c6 7. O-O e5 8. Re1 Nbd7 9. Bf1 a5 10. Rb1 Re8 11. d5 Nc5 12. g3 Qc7 13. Nh4 Bd7 14. b3 Reb8 15. a4 Rf8 16. h3 Rad8 17. Bd2 Bc8 18. Kh2 Nfd7 19. Qc2 Na6 20. Rbc1 Ndc5 21. Na2 Rde8 22. Bc3 f5 23. exf5 g5 24. Ng2 Bxf5 25. Qb2 Qb6 26. Re3 Qxb3 27. Qxb3 Nxb3 28. Rce1 Nac5 29. f4 gxf4 30. gxf4 Nxa4 31. Bxe5 dxe5 32. Rxb3 Nc5 33. Rbe3 e4 34. Nc3 Bd4 35. Rg3+ Kh8 36. Nd1 a4 37. Nde3 Bd7 38. Rd1 Bf6 39. Nc2 Rg8 40. Re3 Ra8 41. Be2 Bb2 42. Bg4 Bxg4 43. hxg4 Rxg4 44. d6 Rag8 45. Re2 a3 46. Nce3 R4g6 47. Nh4 Rh6 48. Nef5 Rh5 49. d7 Bf6 50. Kh3 a2 51. Rxa2 Ne6 52. Rf1 Nd4 0-1

[Event "Zenica"]
[Site "Zenica BIH"]
[Date "1989.??.??"]
[Round "2"]
[White "Vukic, Milan"]
[Black "Damljanovic, Branko"]
[Result "1/2-1/2"]
[WhiteElo "2495"]
[BlackElo "2530"]
[PlyCount "53"]
[EventDate "1989.04.??"]
[Source "www.chesslib.no"]
[SourceDate "2004.05.04"]

1. Nf3 g6 2. c4 d6 3. d4 Bg7 4. Nc3 Nd7 5. e4 e5 6. Be2 Ngf6 7. O-O O-O 8. Re1 c6 9. Bf1 a5 10. Rb1 Qe7 11. d5 Nc5 12. b3 Bd7 13. Ba3 b6 14. Nd2 Rfb8 15. b4 axb4 16. Bxb4 Bh6 17. Qc2 Be8 18. Rb2 Qc7 19. dxc6 Bxc6 20. Nd5 Qd8 21. Nb3 Nfd7 22. Bd2 Bxd2 23. Qxd2 Bxd5 24. cxd5 Ra4 25. f3 Nxb3 26. Rxb3 Nc5 27. Rb4 1/2-1/2

[Event "URS-ch sf"]
[Site "Tbilisi"]
[Date "1973.??.??"]
[Round "10"]
[White "Furman, Semen Abramovich"]
[Black "Dvoretzky, Mark"]
[Result "1/2-1/2"]
[WhiteElo "2540"]
[BlackElo "2485"]
[PlyCount "64"]
[EventDate "1973.??.??"]
[Source "ChessBase"]

1. Nf3 Nf6 2. c4 g6 3. Nc3 Bg7 4. e4 d6 5. d4 O-O 6. Be2 e5 7. O-O Nbd7 8. Re1 c6 9. Bf1 a5 10. Rb1 Re8 11. d5 Nc5 12. b3 Qc7 13. a3 Bg4 14. b4 axb4 15. axb4 Bxf3 16. Qxf3 Na4 17. Nd1 cxd5 18. cxd5 Rec8 19. Bg5 Ne8 20. Bb5 h6 21. Be3 Qc2 22. Rc1 Qb3 23. Bxe8 Rxe8 24. Rc7 Rf8 25. Rxb7 Rab8 26. Rxb8 Rxb8 27. Bd2 Qc2 28. Qe2 Bf6 29. g3 Bg5 30. Bxg5 Qxe2 31. Rxe2 hxg5 32. f3 Rxb4 1/2-1/2

[Event "Tan Chin Nam"]
[Site "Beijing"]
[Date "1998.06.18"]
[Round "11"]
[White "Liang Chong"]
[Black "Ehlvest, Jaan"]
[Result "1/2-1/2"]
[WhiteElo "2405"]
[BlackElo "2610"]
[PlyCount "99"]
[EventDate "1998.06.08"]
[Source "ChessBase"]
[SourceDate "1998.09.30"]

1. d4 Nf6 2. Nf3 d6 3. c4 Nbd7 4. Nc3 e5 5. e4 g6 6. Be2 Bg7 7. O-O O-O 8. Re1 c6 9. Bf1 Qe7 10. Rb1 a5 11. Bg5 h6 12. Bh4 g5 13. Bg3 Nh5 14. dxe5 dxe5 15. Nxe5 Nxg3 16. Nxd7 Bxd7 17. hxg3 Rad8 18. Qe2 Qc5 19. Red1 Be6 20. Rxd8 Rxd8 21. Rd1 Bd4 22. Rd2 Re8 23. Qd3 Be5 24. Nd1 Bc7 25. Qd4 Qxd4 26. Rxd4 Bc8 27. Nc3 Be5 28. Rd2 Kg7 29. Ne2 Bc7 30. Nc3 Be5 31. Ne2 h5 32. Nd4 Bf6 33. f3 Be7 34. Be2 Bc5 35. Kf1 Kf6 36. Nb3 Bb4 37. Rd3 a4 38. Nd2 Kg7 39. a3 Ba5 40. c5 Be6 41. f4 g4 42. Rd4 Rd8 43. Rxd8 Bxd8 44. Bc4 Ba5 45. Bxe6 Bxd2 46. Bc8 Bc1 47. Bxb7 Bxb2 48. Bxc6 Bxa3 49. Bxa4 Bxc5 50. Ke2 1/2-1/2

[Event "Clarin"]
[Site "Buenos Aires"]
[Date "1978.??.??"]
[Round "2"]
[White "Torre, Eugenio"]
[Black "Najdorf, Miguel"]
[Result "1/2-1/2"]
[WhiteElo "2490"]
[BlackElo "2525"]
[PlyCount "43"]
[EventDate "1978.11.??"]
[Source "ChessBase"]

1. c4 Nf6 2. Nc3 g6 3. e4 d6 4. d4 Bg7 5. Nf3 O-O 6. Be2 e5 7. O-O Nbd7 8. Re1 c6 9. Bf1 a5 10. Rb1 Re8 11. d5 Nc5 12. b3 Nh5 13. Be3 f5 14. exf5 Bxf5 15. Rc1 Qf6 16. Nd2 Nf4 17. dxc6 bxc6 18. Bxc5 dxc5 19. Nde4 Qf8 20. Qd6 Bxe4 21. Qxf8+ Rxf8 22. Nxe4 1/2-1/2

[Event "Hastings ENG"]
[Site "Hastings ENG"]
[Date "1983.??.??"]
[Round "?"]
[White "Farago, Ivan"]
[Black "Mestel, Jonathan"]
[Result "0-1"]
[WhiteElo "2505"]
[BlackElo "2505"]
[PlyCount "80"]
[EventDate "1983.??.??"]
[Source "www.chesslib.no"]
[SourceDate "2004.05.04"]

1. d4 Nf6 2. c4 g6 3. Nc3 Bg7 4. e4 d6 5. Nf3 O-O 6. Be2 Nbd7 7. O-O e5 8. Re1 c6 9. Bf1 Qe7 10. Rb1 a5 11. d5 Ne8 12. dxc6 bxc6 13. a3 Nc7 14. b4 axb4 15. axb4 Ne6 16. Nd2 f5 17. Nb3 Nf6 18. exf5 gxf5 19. b5 Bb7 20. h3 Kh8 21. bxc6 Bxc6 22. Nb5 Ne4 23. f3 Bxb5 24. fxe4 Ba4 25. Be3 f4 26. Bf2 f3 27. gxf3 Rab8 28. Qd3 Nf4 29. Qc3 Qg5+ 30. Kh2 Qh5 31. Nd4 exd4 32. Bxd4 Be5 33. c5 Ne6+ 34. Bxe5+ Qxe5+ 35. Qxe5+ dxe5 36. Rxb8 Rxb8 37. Bc4 Nxc5 38. Rg1 Bb3 39. Bxb3 Rxb3 40. Rg5 Nd3 0-1

[Event "Petroff mem op"]
[Site "St Petersburg"]
[Date "2000.02.15"]
[Round "8"]
[White "Ionov, Sergey"]
[Black "Kovalevskaya, Ekaterina"]
[Result "1-0"]
[WhiteElo "2558"]
[BlackElo "2451"]
[PlyCount "87"]
[EventDate "2000.02.05"]
[Source "www.chesslib.no"]
[SourceDate "2004.05.04"]

1. Nf3 Nf6 2. c4 d6 3. d4 Nbd7 4. Nc3 e5 5. e4 g6 6. Be2 Bg7 7. O-O O-O 8. Re1 c6 9. Bf1 a5 10. Rb1 Re8 11. d5 Nc5 12. b3 Bd7 13. dxc6 Bxc6 14. Qc2 Rc8 15. Ba3 Qb6 16. Rbd1 Bf8 17. Bc1 h6 18. Bd2 Qa7 19. Qb1 Qa8 20. Rc1 b5 21. Nd5 Nxd5 22. cxd5 Bd7 23. Be3 Kh7 24. Nd2 Be7 25. a3 Bg5 26. Bxg5 hxg5 27. b4 Na4 28. Nb3 axb4 29. axb4 f5 30. Qd3 fxe4 31. Qd2 Nb6 32. Rxc8 Qxc8 33. Qxg5 Nxd5 34. Qh4+ Kg7 35. Qxe4 Nf6 36. Qd3 Re6 37. Rc1 Qb8 38. g3 Qb6 39. Bg2 Ng4 40. Nc5 Re7 41. Ne4 Rf7 42. Qxd6 Qa7 43. Qc5 Bf5 44. Nd6 1-0

[Event "URS-FL"]
[Site "Baku"]
[Date "1977.??.??"]
[Round "6"]
[White "Rashkovsky, Nukhim N"]
[Black "Kochyev, Alexander"]
[Result "0-1"]
[WhiteElo "2510"]
[BlackElo "2490"]
[PlyCount "82"]
[EventDate "1977.??.??"]
[Source "ChessBase"]

1. Nf3 Nf6 2. c4 g6 3. Nc3 Bg7 4. e4 d6 5. d4 O-O 6. Be2 e5 7. O-O Nbd7 8. Re1 c6 9. Bf1 a5 10. h3 exd4 11. Nxd4 Re8 12. Bf4 Nc5 13. Qc2 Nfd7 14. Rad1 Bxd4 15. Rxd4 Ne6 16. Qd2 Nxd4 17. Qxd4 Ne5 18. Rd1 Qe7 19. Qxd6 f6 20. c5 Qxd6 21. Rxd6 Be6 22. Be3 Rad8 23. f4 Rxd6 24. fxe5 Rdd8 25. exf6 Kf7 26. Bg5 h6 27. Bxh6 Kxf6 28. h4 Rd4 29. Kf2 Kf7 30. Be2 Red8 31. Bg5 R8d7 32. Ke1 Rb4 33. Bc1 Rdd4 34. a3 Rb3 35. h5 gxh5 36. Bxh5+ Kg7 37. Bd1 Rxc3 38. bxc3 Rxe4+ 39. Kf2 Bg4 40. Bf3 Bxf3 41. gxf3 Rc4 0-1

[Event "XV Open"]
[Site "Albacete ESP"]
[Date "2007.09.04"]
[Round "5"]
[White "Hernandez Carmenates, Hold"]
[Black "Guliev, L."]
[Result "1/2-1/2"]
[WhiteElo "2544"]
[BlackElo "2454"]
[PlyCount "99"]
[EventDate "2007.09.02"]
[Source "www.chesslib.no"]
[SourceDate "2004.05.04"]

1. c4 Nf6 2. Nc3 g6 3. d4 Bg7 4. Nf3 O-O 5. e4 d6 6. Be2 e5 7. O-O Nbd7 8. Re1 c6 9. Bf1 a5 10. Rb1 Qe7 11. a3 exd4 12. Nxd4 Ng4 13. h3 Qf6 14. hxg4 Qxd4 15. Bf4 Qxd1 16. Rexd1 Ne5 17. Rxd6 Bxg4 18. f3 Be6 19. c5 Nc4 20. Bxc4 Bxc4 21. e5 Rfe8 22. Ne4 Bxe5 23. Bxe5 Rxe5 24. Nf6+ Kg7 25. Nd7 Rg5 26. Nb6 Ba2 27. Re1 Rf8 28. b4 Be6 29. Kf2 h5 30. Re4 Rh8 31. Rexe6 fxe6 32. Rd7+ Kh6 33. Rxb7 axb4 34. axb4 Rf8 35. Nc4 Rd5 36. Ke3 h4 37. Rc7 Rg5 38. Kf2 Rg4 39. Ne5 Rxb4 40. Rxc6 Rb2+ 41. Kf1 Ra8 42. Nd3 Ra1+ 43. Ne1 Rc2 44. Rxe6 Rxc5 45. Kf2 Ra2+ 46. Re2 Raa5 47. Nc2 Kg5 48. Kg1 Rd5 49. Kh2 Rd1 50. Ne3 1/2-1/2

[Event "Helsinki"]
[Site "Helsinki"]
[Date "1981.??.??"]
[Round "6"]
[White "Farago, Ivan"]
[Black "Rantanen, Yrjo A"]
[Result "1-0"]
[WhiteElo "2535"]
[BlackElo "2460"]
[PlyCount "69"]
[EventDate "1981.03.??"]
[Source "ChessBase"]

1. d4 Nf6 2. c4 g6 3. Nc3 Bg7 4. e4 d6 5. Be2 O-O 6. Nf3 Nbd7 7. O-O c6 8. Re1 e5 9. Bf1 a5 10. Rb1 Re8 11. d5 Nc5 12. b3 cxd5 13. cxd5 Bd7 14. Nd2 Rf8 15. a4 Ne8 16. Ba3 Rc8 17. Nc4 f5 18. b4 Nxe4 19. Nxe4 fxe4 20. bxa5 e3 21. Rxe3 Rf4 22. Nb6 Bg4 23. f3 Bf5 24. Nxc8 Bxb1 25. Nxd6 Nxd6 26. Qxb1 Rxa4 27. Bc5 e4 28. fxe4 Qxa5 29. Bb6 Ra1 30. Qb3 Qa6 31. Rf3 Nc4 32. Be3 Bd4 33. Bxd4 Nd2 34. Bxa1 Qa7+ 35. Qe3 1-0

[Event "Rubinstein mem"]
[Site "Polanica Zdroj"]
[Date "1977.??.??"]
[Round "9"]
[White "Farago, Ivan"]
[Black "Vogt, Lothar"]
[Result "1/2-1/2"]
[WhiteElo "2500"]
[BlackElo "2495"]
[PlyCount "49"]
[EventDate "1977.08.??"]
[Source "ChessBase"]

1. d4 d6 2. c4 e5 3. Nf3 Nd7 4. Nc3 Ngf6 5. e4 g6 6. Be2 Bg7 7. O-O O-O 8. Re1 c6 9. Bf1 a5 10. Rb1 exd4 11. Nxd4 Nc5 12. Bg5 h6 13. Bh4 Qb6 14. Nb3 Nxb3 15. Qxb3 Qb4 16. Qc2 Be6 17. a3 Qc5 18. Bg3 Rfd8 19. Na4 Qa7 20. c5 dxc5 21. Bc7 Rdc8 22. Bb6 Qb8 23. Nxc5 Ng4 24. g3 Bd4 25. Nxe6 1/2-1/2